| 000 | 00403nam a22001457a 4500 | ||
|---|---|---|---|
| 008 | 250602b |||||||| |||| 00| 0 eng d | ||
| 020 | _a9789784933445 | ||
| 050 |
_aJF1525 _b. P85 |
||
| 245 | _aprocurement procedure manual for public procurement in \nigeria | ||
| 250 | _a2nd | ||
| 260 |
_aAbuja _bBureau of Public Procurement _c2011 |
||
| 300 | _a114p | ||
| 650 | _aGovernment Purchasing | ||
| 942 | _cBK | ||
| 999 |
_c3729 _d3729 |
||